Normale Ansicht MARC-Ansicht ISBD

Wilhelm von Humboldt (Titelsatznr. 374229)

[ MARC ]
MARC-Details
000 -Satzkennung
Kontrollfeld mit fester Länge 00606cam a22002292c 4500
001 - Kontrollnummer
Kontrollnummer 425519198
003 - Kontrollnummer Identifier
Kontrollnummer DE-627
005 - Datum und Zeit der letzten Transaktion
Kontrollnummer 20260205095218.0
007 - Feld mit fester Länge zur physischen Beschreibung - Allgemeine Information
Kontrollfeld mit fester Länge tu
008 - Feld mit fester Länge zur physischen Beschreibung - Allgemeine Angaben
Kontrollfeld mit fester Länge 990101s1976 xx ||||| 00| ||und c
035 ## - Systemkontrollnummer
Systemkontrollnummer (DE-627)425519198
035 ## - Systemkontrollnummer
Systemkontrollnummer (DE-599)GBV425519198
035 ## - Systemkontrollnummer
Systemkontrollnummer (OCoLC)251663066
040 ## - Katalogisierungsquelle
Original-Katalogisierungsstelle DE-627
Katalogisierungssprache ger
Übertragungsstelle DE-627
Beschreibungsfestlegungen rakwb
100 1# - Haupteintragung - Personenname
Personenname Scurla, Herbert
Datumsangaben in Verbindung mit einem Namen 1905-1981
Funktionsbezeichnungscode aut
245 10 - Titel
Titel Wilhelm von Humboldt
Zusatz zum Titel Werden u. Wirken
Verfasserangabe etc. Herbert Scurla
250 ## - Ausgabebezeichnung
Ausgabebezeichnung 1. Aufl
300 ## - Physische Beschreibung
Umfang S. 660, 8"
951 ## - EQUIVALENCE OR CROSS-REFERENCE-GEOGRAPHIC NAME/AREA NAME [OBSOLETE] [CAN/MARC only]
Geografischer Name BO
700 1# - Nebeneintragung - Personenname
Personenname Humboldt, Wilhelm von
Datumsangaben in Verbindung mit einem Namen 1767-1835
Funktionsbezeichnungscode oth
942 ## - Zusätzliche Felder (Koha)
Klassifikation oder Aufstellungssystematik Andere/Generische Klassifikation
Koha-Medientyp Bücher
Exemplare
Ausgeschieden Verloren Klassifikation oder Aufstellungssystematik Beschädigt Nicht entleihbar Permanenter Standort Aktueller Standort Aufstellungsort Erwerbungsdatum Anzahl Ausleihen Signatur Letzte Aktivität Exemplarnummer Preis gültig von Medientyp
    Andere/Generische Klassifikation     Stadtarchiv Frankfurt (Oder) | Archivbibliothek Stadtarchiv Frankfurt (Oder) | Archivbibliothek Magazin 05/02/2026   I: 2931 05/02/2026 03/2026 05/02/2026 Bücher